Statistics for FIFA TOTTENHAM TOP GOAL SCORERS QUIZ

Click here to take the quiz!

General Stats

  • This quiz has been taken 23 times
  • The average score is 7 of 11

Answer Stats

HintAnswer% Correct
ENGHarry Kane
100%
KORSon Heung-min
100%
WALGareth Bale
91%
DENChristian Eriksen
86%
ENGDele Alli
73%
TOGOEmmanuel Adebayor
73%
BRALucas Moura
68%
ENGJermain Defoe
45%
NEDRafael van der Vaart
41%
BELNacer Chadli
36%
RUSRoman Pavlyuchenko
32%

Score Distribution

Percentile by Number Answered

Percent of People with Each Score

Your Score History

You have not taken this quiz